007360000a2200109000450024500620000030000480006252003520011077300490046294200080051195200900051999900170060910aCompetencia Comunicativa: condición para el aprendizaje aVol.0, núm.13 (Diciembre, 2009), Pág. 8 aEn las discusiones académicas a veces se olvida el importante rol que cumple el discurso oral en la producción, intercambio y el desarrollo del conocimiento. Estas tres habilidades y formas de saber: escritura, lectura y oralidad, forman el conjunto de la competencia genérica en comunicaión, en lengua materna y otra lengua internacional.0 tEducación superior : Boletín informativo cANA 001040708HEMaFUSBCbFUSBCd2016-01-26l0o r2016-01-26 00:00:00w2016-01-26yANA c63482d63482